000 00661nam a2200217Ia 4500
005 20241129104158.0
008 241129s9999||||xx |||||||||||||| ||und||
020 _a9788195678648
037 _aTextual
040 _aRTL
_beng
_cRTL
041 _aeng
_2eng
084 _aX65291:891 R3
_qRTL
100 _aJarnail Singh; Dhakal D.N.S.
_9725121
245 0 _aProject appraisal risk analysis and risk management techniques
_cJarnail Singh; Dhakal D.N.S.
260 _aNew Delhi
_bKonark Publishers
_c2023
300 _axxxiv,382p.
365 _aINR
_b895
650 _aCommerce
942 _cTB
_hX65291:891 R3
999 _c1224757
_d1224757